000 00749nac a22002417a 4500
001 BR8706933
003 BR-BrBNA
005 20240105120618.0
008 230509b bl.|||m| |||| 00| 0 por d
040 _aBR-BrBNA
_bpor
_cBiblioteca Nacional de Agricultura
072 _aP07
090 _aP07 BR8706933
100 1 _aRosado, V.
110 1 _aEscola Superior de Agricultura de Mossoro, RN (Brasil)
_94362
245 1 _aA refinaria de petroleo de Mossoro; um pleito de 31 anos
260 3 _aMossoro, RN (Brasil):
_c1986.
300 _a39 p.
490 _aColecao Mossoroense. Serie B (Brazil)
_vno. 441
_x
650 _aPETROLEO
650 _aRIO GRANDE DO NORTE
909 _a202312
_bLúcia Elande
_c55
_dLúcia Elande
942 _2AGRIS
_n0
_cMS
999 _c280455
_d280455